000 00535nam a22001697a 4500
005 20251108163353.0
008 250721s1992 xx 000 0 ara d
082 1 4 _a210.4329/عوض
100 1 _aالعوضي، أحمد عبد الله
245 1 0 _aحكم المعارضه و إقامة الأحزاب السياسية في الإسلام /
264 1 _aعمان :
_bدار النفائس،
_c1992.
300 _a82ص.
650 1 7 _aالإسلام
650 1 7 _aالأحزاب السياسية
942 _2ddc
_cBK
999 _c990
_d990